| 000 | 01275cam a2200277 i 4500 | ||
|---|---|---|---|
| 003 | SA-RiAUC | ||
| 005 | 20250409081405.0 | ||
| 008 | 250207s2001 su g 000r0 ara c | ||
| 020 | _a9960931455 | ||
| 040 |
_aSA-RiAUC _bara _cSA-RiAUC _erda |
||
| 082 | 0 | 4 | _a232 |
| 090 |
_a232 _bس ر ا |
||
| 100 | 1 |
_aسراج الهند الدهلوي، عبد العزيز بن أحمد بن عبد الرحيم، _d1159-1239 هجري _eمؤلف. |
|
| 245 | 1 | 2 |
_aالعجالة النافعة / _cعبد العزيز بن أحمد بن عبد الرحيم الدهلوي ؛ نقله إلى العربية عبد المنان عبد اللطيف المدني ؛ إشراف محمد لقمان السلفي. |
| 250 | _aالطبعة الأولى. | ||
| 264 | 1 |
_aالرياض : _bدار الداعي للنشر والتوزيع، _c[2001] |
|
| 300 |
_a120 صفحة ؛ _c24 سم |
||
| 336 |
_aنص _btxt _2rdacontent _3كتاب |
||
| 337 |
_aبدون وسيط _bn _2rdamedia |
||
| 338 |
_aمجلد _bnc _2rdacarrier |
||
| 650 | 7 |
_aالحديث _xإسناد _2aucsh |
|
| 700 | 1 |
_aالمدني، عبد المنان عبد اللطيف _eمعرب. |
|
| 700 | 1 |
_aالسلفي، محمد لقمان، _d1943- _eمشرف. |
|
| 942 |
_2ddc _cBOOK _n0 |
||
| 949 |
_aSA-JeALM _d250207 _umohamedma123 _n1 |
||
| 999 |
_c6816 _d6816 |
||